000 00407nam a2200145Ia 4500
008 220216s9999 xx 000 0 und d
100 _aGent A N
245 0 _aCrack growth in twisted rubber disks.Pt.3.Effects of crack depth and location
260 _bRubber Chemistry and Technology
_c2003
300 _a1276-1289
650 _aCrack depth
650 _aRubber disk
700 _aYeoh O H
942 _cJS
999 _c56494
_d56494